| 000 | 00545nam a22001937a 4500 | ||
|---|---|---|---|
| 005 | 20240521120935.0 | ||
| 010 | _aENG-140415 | ||
| 020 |
_c400.00 _a9788177112856 |
||
| 035 | _aEN-140415 | ||
| 037 | _bDBAD | ||
| 082 | _a881 | ||
| 100 |
_aVerma, Satish _966597 |
||
| 245 |
_aA Buddha Fails Today/ _cSatish Verma |
||
| 260 |
_aJaipur _bSahityagar Classes _c2011 |
||
| 270 |
_bJaipur _a958,Dhamani market, Chaura Rasta _e302003 |
||
| 300 |
_a102p. _c23cm(Hb) |
||
| 700 |
_aVerma, Satish _966560 |
||
| 942 |
_2ddc _cEN _h881 _mVER |
||
| 999 |
_c203075 _d203075 |
||